| 000 | 00625nam a2200205Ia 4500 | ||
|---|---|---|---|
| 008 | 131103s9999 xx 000 0 und d | ||
| 020 |
_a706978749 _cRs.50 |
||
| 040 | _aLoreto College | ||
| 041 | _aEnglish | ||
| 082 |
_a371.1/CHA _bLCLIB/Ed Sem Lib/38581 |
||
| 100 | _aChauhan,S.S. | ||
| 245 |
_aInnovations in teaching - learning process _cS.S.Chauhan |
||
| 250 | _a2nd rev.ed. | ||
| 260 |
_aNew Delhi _bVikas Pub.House Pvt. Ltd. _c1983 (1994 printing) |
||
| 300 |
_aviii,190 p. _b illus. _c 22 cm. |
||
| 504 | _aIncludes bibliographical references | ||
| 650 | _aTeachers - Training | ||
| 850 | _aLCLIB | ||
| 942 | _cBK | ||
| 999 |
_c10964 _d61443 |
||